| 000 | 00471nam a2200169Ia 4500 | ||
|---|---|---|---|
| 999 |
_c9734 _d9734 |
||
| 003 | OSt | ||
| 005 | 20191231120043.0 | ||
| 008 | 190216s9999||||xx |||||||||||||| ||und|| | ||
| 040 | _coclc | ||
| 082 |
_a330 _bMIT/P |
||
| 100 |
_aMithani, D M _9552 |
||
| 245 | 0 |
_aPrinciples Of Economics / _c D M Mithani |
|
| 250 | _a2nd ed. | ||
| 260 |
_bHimalaya Publishing House, _c1985. _aNew Delhi: |
||
| 300 | _a530p | ||
| 942 |
_cBK _2ddc _h330 _iMIT/P _k330 _mMIT/P |
||